[Event "Xabia Region-ch Preferente"]
[Site "Xabia"]
[Date "2013.11.23"]
[Round "7"]
[White "Martin Diez, Santiago"]
[Black "Garcia Sacristan, Ramon"]
[Result "0-1"]
[WhiteElo "1785"]
[BlackElo "1564"]
[PlyCount "68"]
[EventDate "2013.10.05"]
[EventType "swiss"]
[EventRounds "7"]
[EventCountry "ESP"]
[SourceTitle "EXT 2024"]
[Source "ChessBase"]
[SourceDate "2023.10.10"]
[SourceVersion "1"]
[SourceVersionDate "2023.10.10"]
[SourceQuality "1"]

1. e4 e6 2. d4 d5 3. exd5 exd5 4. Bd3 Nc6 5. c3 Bd6 6. Nf3 Bg4 7. 0-0 Nge7 8. Nbd2 Qd7 9. Qc2 0-0-0 10. b4 Rde8 11. a4 h5 12. a5 f6 13. b5 Nd8 14. Ba3 Bxa3 15. Rxa3 Bf5 16. b6 cxb6 17. axb6 a6 18. c4 Bxd3 19. Rxd3 Ndc6 20. Qb1 Nf5 21. c5 Re2 22. Nb3 Rhe8 23. Rdd1 g5 24. Rfe1 g4 25. Rxe2 Rxe2 26. Ne1 Qe6 27. g3 Nfxd4 28. Nxd4 Nxd4 29. Nd3 Nf3+ 30. Kg2 Qe4 31. Nf4 Rc2 32. Qa1 Ne1+ 33. Kg1 Nf3+ 34. Kg2 Ng5+ 0-1

[Event "Xabia Region-ch Preferente"]
[Site "Xabia"]
[Date "2013.10.19"]
[Round "2"]
[White "Garcia Sacristan, Ramon"]
[Black "Jimenez Castejon, Victor"]
[Result "1-0"]
[WhiteElo "1564"]
[BlackElo "1199"]
[PlyCount "57"]
[EventDate "2013.10.05"]
[EventType "swiss"]
[EventRounds "7"]
[EventCountry "ESP"]
[SourceTitle "EXT 2024"]
[Source "ChessBase"]
[SourceDate "2023.10.10"]
[SourceVersion "1"]
[SourceVersionDate "2023.10.10"]
[SourceQuality "1"]

1. d4 Nf6 2. Nf3 e6 3. Bf4 d5 4. e3 Bd6 5. Ne5 Nbd7 6. Bd3 0-0 7. Nd2 a6 8. Qf3 c5 9. Nxf7 Rxf7 10. Bxd6 Ne4 11. Qh3 Nxd6 12. Qxh7+ Kf8 13. Bg6 Qf6 14. Bxf7 Nxf7 15. c3 cxd4 16. exd4 e5 17. Qd3 e4 18. Qe2 Qg6 19. 0-0 Nf6 20. f3 Ng5 21. fxe4 Bg4 22. Qxg4 Ke7 23. Qg3 Rh8 24. exd5 Kd7 25. h4 Nh5 26. Qxg5 Qd3 27. Qf5+ Qxf5 28. Rxf5 Ng3 29. Rf7+ 1-0

[Event "Provincial-ch Xabia Preferente"]
[Site "Valencia"]
[Date "2012.11.10"]
[Round "5"]
[White "Cervera Tur, Enrique"]
[Black "Garcia Sacristan, Ramon"]
[Result "1-0"]
[WhiteElo "1724"]
[BlackElo "1583"]
[PlyCount "57"]
[EventDate "2012.10.06"]
[EventType "swiss"]
[EventRounds "7"]
[EventCountry "ESP"]
[SourceTitle "EXT 2024"]
[Source "ChessBase"]
[SourceDate "2023.10.10"]
[SourceVersion "1"]
[SourceVersionDate "2023.10.10"]
[SourceQuality "1"]

1. e4 d6 2. Nf3 Nf6 3. Nc3 g6 4. Bc4 Bg7 5. d3 c5 6. h3 Nc6 7. Be3 Na5 8. Bb5+ Bd7 9. Bxd7+ Qxd7 10. Qd2 h5 11. Ne2 Qb5 12. 0-0 0-0 13. Ng3 Nc6 14. a4 Qa5 15. c3 b5 16. b4 cxb4 17. cxb4 Qa6 18. axb5 Qxb5 19. Nd4 Nxd4 20. Bxd4 Nd7 21. Bxg7 Kxg7 22. Ra5 Qb6 23. Rxh5 Kf6 24. Qg5+ Ke6 25. Qd5+ Kf6 26. Rf5+ gxf5 27. Qxf5+ Kg7 28. Qg5+ Kh7 29. Nf5 1-0